Nemčina pre 1. ročník jazykových škôl a pre kurzy

Bibliographic Details
Main Author: Beneš, Eduard, 1911-1996 (Author)
Other Authors: Valentová, Oľga (Translator), Mader, Rudolf, 1922- (Illustrator)
Format: Book
Language:Slovak
German
Czech
PhysicalDescription:239, [1] s. ilustrácie, noty, tabuľky 8°
Published: Bratislava Slovenské pedagogické nakladateľstvo 1963
Edition:2. vyd.
Subjects:

MARC

LEADER 00000cam a2200000 a 4500
001 vtls008344120
003 SK-MaSNL
005 20260301043753.0
008 230403s1963 xo ag p 000 0 slo
015 |a SNBA1963/09-01859 
020 |q (viazané) 
035 |a SK01SNK19630036337 
035 |a urn:nbn:sk:snk-am3isa3 
035 |a 3E0E7250-0688-48BB-A215-54CC40CDC903 
035 |a urn:nbn:sk:snk-am00ffxh 
035 |a SKM000038800 
040 |a SNK  |b slo  |c SNK  |e AACR2 
041 1 |a slo  |a ger  |h cze 
044 |a xo  |c SK 
080 |a 803.0(075)  |2 1981 
100 1 |a Beneš, Eduard,  |d 1911-1996  |4 aut  |9 88646 
245 1 0 |a Nemčina pre 1. ročník jazykových škôl a pre kurzy  |c sprac. Eduard Beneš a kol. ; pre slovenské školy upravila Oľga Valentová ; ilustroval Rudolf Mader 
250 |a 2. vyd. 
260 |a Bratislava  |b Slovenské pedagogické nakladateľstvo  |c 1963  |e Přerov  |f Tisk 04 
300 |a 239, [1] s.  |b ilustrácie, noty, tabuľky  |c 8° 
366 |e 10100 výtl. 
500 |a Poznámky. Nememko-slovenský a slovensko-nemecký slovník 
650 0 7 |a nemčina  |2 SNKPH  |9 1384 
655 7 |a učebnice  |2 SNKPH  |9 22521 
700 1 |a Valentová, Oľga  |4 trl  |9 349141 
700 1 |a Mader, Rudolf,  |d 1922-  |4 ill  |9 200131 
852 |a Slovenská národná knižnica 
954 |a odborná, vedecká literatúra cudzojazyčná (svetová)  |2 lita 
958 |a TL 
958 |a UC 
958 |a RK 
958 |a OND 
958 |a OP 
958 |a CZ 
958 |a EUIPO 
999 |c 594360  |d 596290 
952 |a SNK  |b SNK  |y VYP  |7 0  |p 17A0016220  |o snkSC 17964 D1  |i snkKSP 3553/63  |0 0  |1 0  |4 0  |d 1996-10-29  |l 0  |r 2005-01-01 00:00:00  |w 2026-02-23 
952 |t P60, <04>, [BOOK], {604}  |a SNK  |b SNK  |y VYP  |7 0  |o snkSC 17964 D1  |i snkKSP 3553/63  |0 0  |1 0  |4 0  |d 1996-10-03  |l 0  |r 2005-01-01 00:00:00  |w 2026-02-23 
952 |t    |a SNK  |b SNK  |y PREZ  |7 0  |p 17A0516133  |o snkSC 17964  |i snk2006/13462  |8 3  |g 6.64  |z Náhrada za stratený simplikát  |0 0  |1 0  |4 0  |d 1996-10-03  |f 1  |l 0  |r 2025-07-25 00:00:00  |w 2026-02-23